Coloriage mystères hors Disney - Statistiques

Statistiques générales
  • Ce quiz a été pris 19 fois
  • Le résultat moyen est 20 sur 94
Statistiques - réponses
Hint Réponse % Correct
Jérémy Mariez Princesses
54%
Alexandre Karam Famille
46%
Charlotte Mendes Japon
46%
Alexandre Karam Looney Tunes
46%
William Bal Nature
46%
Alexandre Karam Petites princesses
46%
Christophe-Alexis Perez Babies
38%
Nathalie Lavaud Barbie
38%
Jérémy Mariez L'âge de glace
38%
Alexandre Karam Les schtroumpfs
38%
Alexandre Karam Love stories
38%
Jérémy Mariez Pixar
38%
William Bal Saisons
38%
Jérémy Mariez & Vincent Jaunatre Trompe l'oeil
38%
Alexandre Karam Fleurs
31%
Alexandre Karam Hiver
31%
William Bal Les grands classiques spécial débutants
31%
Alexandre Karam Pixar tome 2
31%
Christophe-Alexis Perez Portraits
31%
Les grands classiques spécial débutants 100 coloriages mystères
23%
Jérémy Mariez 100 nouveaux coloriages mystères
23%
Sandrine Fourrier Animaux fantastiques et créatures mythologiques
23%
Jérémy Mariez Fantastiques
23%
William Bal Girl Power
23%
Jérémy Mariez & Alexandre Karam Héros & Méchants la Battle
23%
Christophe-Alexis Perez Les grands classiques de la littérature
23%
Jérémy Mariez Les grands classiques Disney
23%
Jérémy Mariez Les grands classiques Disney Tome 10
23%
Jérémy Mariez Les grands classiques Disney Tome 11
23%
Aurélia Bertrand Les grands classiques Disney Tome 12
23%
Jérémy Mariez Les grands classiques Disney Tome 2
23%
Jérémy Mariez Les grands classiques Disney Tome 3
23%
Jérémy Mariez Les grands classiques Disney Tome 4
23%
Aurélia Bertrand Les grands classiques Disney Tome 5
23%
Edouard Vauthey & Laetita Sala Les grands classiques Disney Tome 6
23%
William Bal Les grands classiques Disney Tome 7
23%
Charlotte Mendes & Nathalie Lavaud Les grands classiques Disney Tome 8
23%
Eugénie Varone Les grands classiques Disney Tome 9
23%
Jérémy Mariez Les grands classiques spécial portraits
23%
Alexandre Karam Looney Tunes Tome 2
23%
Charlotte Mendes Looney Tunes Tome 3
23%
Dominique Constantin Mandalas
23%
William Bal Mangas
23%
Jérémy Mariez Méchants
23%
Machu Piccu Monde sauvage
23%
William Bal Petites bêtes
23%
Sandrine Fourrier Sorcières
23%
Alexandre Karam Sous l'océan
23%
Lauren Farnsworth Tableaux de maîtres
23%
Aurélia Bertrand Tour du monde
23%
Jérémy Mariez Trompe l'oeil tome 2
23%
Julien Lévy, Charlotte Mendes & Sandrine Fourrier Vitraux
23%
Jérémy Mariez & Aurélien Carruesco 100 coloriages mystères inédits
15%
William Bal 100 coloriages mystères inédits
15%
Jérémy Mariez 50 coloriages mystères
15%
Manon Bucciarelli 50 messages mystères
15%
Christophe-Alexis Perez Affiches de pub
15%
Lauren Farnsworth Animaux extraordinaires
15%
Christophe-Alexis Perez Arbres du monde
15%
Alexandre Karam Bestiaire
15%
Sandrine Fourrier Coloriages au symbole
15%
Christophe-Alexis Perez Contes de fées
15%
Nathalie Lavaud & Sandrine Fourrier Costumes du monde
15%
William Bal Fées, sorciers et magiciens
15%
Nathalie Bouathong Forêts du monde
15%
Eugénie Varone Grand bloc - Trompe l'oeil
15%
Eugénie Varone Grand bloc - Trompe l'oeil Tome 2
15%
Daniela Geremia Hiver enchanteur
15%
Jérémy Mariez Mickey, Donald & Co
15%
Jérémy Mariez Mickey & Friends
15%
Jérémy Mariez Mondes fantastiques
15%
Gaëlle Junius & Aurélia Bertrand Nature sauvage
15%
William Bal Océans
15%
Capucine Savignon & Christophe-Alexis Perez Princes & Héros
15%
Charlotte Mendes Sérénité
15%
Christophe-Alexis Perez Trompe l'oeil Babies
15%
Eugénie Varone Trompe l'oeil Tome 3
15%
Charlotte Mendes Tropiques
15%
Alexandre Karam Vaiana
15%
Jérémy Mariez 100 dessins à révéler Star Wars
8%
Laetita Sala 50 coloriages mystères Peace & Love
8%
Aurélien Carruesco 50 messages mystères Disney Tome 2
8%
Jérémy Mariez 60 coloriages mystères
8%
Laurent Rullier Animaux du monde
8%
Alexandre Karam Chats & Félins
8%
Christophe-Alexis Perez Chiots & Chiens
8%
Alexandre Karam Créatures fantastiques
8%
William Bal Grand bloc - Grands classiques
8%
Eugénie Varone Grand carré mystères Portraits
8%
Alexandre Karam Oiseaux
8%
William Bal Petits animaux mignons
8%
Jérémy Mariez Trombinoscope
8%
Charlotte Mendes Trompe l'oeil Héros vs Méchants
8%
Jérémy Mariez Trompe l'oeil tome 1
8%
Aucun quiz correspondant
Distribution des résultats
% des personnes avec chaque résultat
Percentile par nombre de réponses
Votre historique - résultats
Vous n’avez pas pris ce quiz